Random Facts of History - Statistics

General Stats
  • This quiz has been taken 79 times
  • The average score is 3 of 10
Answer Stats
Question Answer % Correct
How did Adolf Hitler die? Suicide
94%
Who was Napoleons wife? Josephine
65%
Who is Queen Elizabeth the seconds great-great-grandmother? Queen Victoria
32%
Which battle did George Washington say "Don't fire until you see the whites of their eyes? Bunker hill
26%
What war did Florence Nightingale and Mary Seacole serve in? Crimean war
26%
What name did the soldiers call Florence Nightingale? The Lady with the Lamp
9%
Who was Wellingtons horse? Copenhagen
6%
Who lead the Charge of the Light Brigade? Lord Cardigan
3%
How did Edward vi die? Tuberculosis
1%
Who educated Florence Nightingale? Her Father and Mother
0%
No matching quizzes found
Score Distribution
Percent of People with Each Score
Percentile by Number Answered
Your Score History
You have not taken this quiz